MANUFACTURING PROCESS-I (Record no. 142266)
[ view plain ]
| 000 -LEADER | |
|---|---|
| fixed length control field | 00334nam a2200133Ia 4500 |
| 008 - FIXED-LENGTH DATA ELEMENTS--GENERAL INFORMATION | |
| fixed length control field | 220919s9999 xx 000 0 und d |
| 082 ## - DEWEY DECIMAL CLASSIFICATION NUMBER | |
| Classification number | 670.42 |
| Item number | BAW |
| 100 ## - MAIN ENTRY--PERSONAL NAME | |
| Personal name | BAWA, H.S. |
| 245 #0 - TITLE STATEMENT | |
| Title | MANUFACTURING PROCESS-I |
| 260 ## - PUBLICATION, DISTRIBUTION, ETC. | |
| Name of publisher, distributor, etc. | TATA McGRAW HILL, NEW DELHI |
| Date of publication, distribution, etc. | 2007 |
| 300 ## - PHYSICAL DESCRIPTION | |
| Extent | 283 |
| 650 ## - SUBJECT ADDED ENTRY--TOPICAL TERM | |
| Topical term or geographic name entry element | Mechanical Engineering |
| 942 ## - ADDED ENTRY ELEMENTS (KOHA) | |
| Koha item type | Book |
| Withdrawn status | Lost status | Damaged status | Not for loan | Home library | Current library | Shelving location | Date acquired | Cost, normal purchase price | Total Checkouts | Full call number | Barcode | Date last seen | Date last checked out | Price effective from | Koha item type | Public note |
|---|---|---|---|---|---|---|---|---|---|---|---|---|---|---|---|---|
| Mewar University Central Library | Mewar University Central Library | Engineering | 23/04/2008 | 210.00 | 1 | 670.42 BAW-M | 3278 | 06/12/2023 | 23/11/2023 | 23/04/2008 | Book | Mechanical Engineering R-18 S-4 |